=LDR 00000nam 2200000 4500 =001 INLIS000000000023119 =005 20130612121816 =008 ***********************************Ind** =035 ##$$0010-061300000023119 =041 ##$$a Ind =082 ##$$a 374 =090 ##$$a 374, Soa b =100 ##$$a Sutrisno =245 ##$$a Buku materi pokok pendidikan seumur hidup plus 2239/2sks/modul 4-6, Drs. Soetrisno =260 ##$$a 1986 $b Jakarta =300 ##$$a 41 hlm, 30 cm =650 ##$$a Pendidikan =850 ##$$a NBPNMAT